Missing Word: 11-Letter Movie Words II Quiz Stats

 Plays Quiz Updated Nov 12, 2012

Support Sporcle.
Go Orange.
Score 0/18 Timer 03:00
3 Plays Today
Film 11-Letter Word % Correct
To Kill a __________Mockingbird
97.5%
The Adventures of __________ FinnHuckleberry
96.4%
E.T. the Extra-__________Terrestrial
90.8%
__________ ColumbusChristopher
85%
__________ of a ShopaholicConfessions
73%
Ice Age: __________ DriftContinental
68.3%
Dr. __________ or: How I Learned to Stop Worrying and Love the BombStrangelove
64.3%
Mad Max Beyond __________Thunderdome
56.7%
Adventures in __________Babysitting
39.4%
Film 11-Letter Word % Correct
The __________ in Viva Rock VegasFlintstones
38.2%
The __________ of Doctor ParnassusImaginarium
30.5%
__________ EarthBattlefield
27.7%
Star Trek __________Generations
27.2%
The Haunting in __________Connecticut
26%
__________ Are FreeButterflies
20.7%
Ghosts of __________Mississippi
16.3%
But I'm a __________Cheerleader
15.7%
Four __________Christmases
14.1%

Today's Daily Dose

Word Ladder
ING Words

Get the Picture
Nearest Volcano

From the Vault

European History Figures by Century

by khands

History 6m
Based on her outfit alone, we're pretty sure you can exclude Marie Antoinette from the 400 BC group.
Remove Ads.
Support Sporcle.
Get the best of Sporcle when you Go Orange. This ad-free experience offers more features, more stats, and more fun while also helping to support Sporcle. Thank you for becoming a member.

Show Comments

Extras

Top Quizzes Today


Score Distribution

Your Account Isn't Verified!

In order to create a playlist on Sporcle, you need to verify the email address you used during registration. Go to your Sporcle Settings to finish the process.

Report this User

Report this user for behavior that violates our Community Guidelines.

Details: